दिल्ली विश्वविद्यालय परिसर की व्यवहृत हिंदी में कोड-मिश्रण और कोड-अंतरण (Record no. 887837)

MARC details
000 -LEADER
fixed length control field 01117nam a2200253Ia 4500
003 - CONTROL NUMBER IDENTIFIER
control field OSt
005 - DATE AND TIME OF LATEST TRANSACTION
control field 20220930094856.0
008 - FIXED-LENGTH DATA ELEMENTS--GENERAL INFORMATION
fixed length control field 220926b |||||||| |||| 00| 0 hin d
037 ## - SOURCE OF ACQUISITION
Terms of availability Theses
040 ## - CATALOGING SOURCE
Original cataloging agency CRL
Transcribing agency CRL
Language of cataloging hin
041 ## - LANGUAGE CODE
Source of code hin
Language code of text/sound track or separate title hin
100 ## - MAIN ENTRY--PERSONAL NAME
Personal name रस्तोगी, मानसी, ले.
110 ## - MAIN ENTRY--CORPORATE NAME
Corporate name or jurisdiction name as entry element दिल्ली विश्वविद्यालय. कला संकाय. हिन्दी
9 (RLIN) 556532
245 #0 - TITLE STATEMENT
Title दिल्ली विश्वविद्यालय परिसर की व्यवहृत हिंदी में कोड-मिश्रण और कोड-अंतरण
246 ## - VARYING FORM OF TITLE
Title proper/short title Dillī vishvavidyālaya parisar kī vyavahṛut hiandī mean koḍa-mishraṇ aur koḍa-aantaraṇa
260 ## - PUBLICATION, DISTRIBUTION, ETC.
Date of publication, distribution, etc. 2014
300 ## - PHYSICAL DESCRIPTION
Extent 239पृ.
-- p.
Dimensions cm.
700 ## - ADDED ENTRY--PERSONAL NAME
Personal name दिल्ली विश्वविद्यालय. कला संकाय. हिन्दी
9 (RLIN) 556533
942 ## - ADDED ENTRY ELEMENTS (KOHA)
Koha item type Dissertations
Source of classification or shelving scheme Colon Classification (CC)
Holdings
Withdrawn status Lost status Damaged status Not for loan Home library Current library Date acquired Total Checkouts Barcode Date last seen Price effective from Koha item type
        Central Library Central Library 2022-09-30   TH0022079 2022-09-30 2022-09-30 Thesis
Copyright @ Delhi University Library System